000 01276nam a2200265 a 4500
999 _c447109
_d447109
003 BLK
005 20230727125259.0
008 220304b bu |||||r|||| 00| | bu d
040 _aBLK
041 _aBUL
_cBUL
080 _aПолитически масови организации - Народен фронт, Национален фронт и др.
_b329.71
_x(062)
_z329.71(062)
139 _bО 14
245 _aОбластен и окръжен комитет на ОФ- Русе
_bИнвентарни описи на документи 1944-1969
_cСъстав. Димо Колабашев и др.
_h[Малотир. изд.]
260 _9219284
_aРусе
_bОкр. нар. съвет - Русе
_c1974
_fОфсетова база при ОНС- Русе
300 _a50 с.
_c22 см
380 _a3
500 _aОкр. държ. архив- Русе Състав. Димо Колабашев, Златка Пенчева, Руска Иванова.
650 7 _9165326
_aОтечествен фронт
653 7 _9192863
_aописи
653 7 _9193797
_aписмени документи
700 _91478
_aКолабашев, Димо
_eсъстав.
852 _bК
_cК 329/О 14
942 _cKNG
_n0
_s1
_01
944 _aCR
_c2022-03-04
_k30556
_lТеодора Пейчева-Дянкова